000 00572nam a2200229Ia 4500
003 OSt
005 20220918180212.0
006 a|||||r|||| 00| 0
007 ta
008 220917b |||||||| |||| 00| 0 eng d
024 _a21,086
037 _cTextual
040 _aARTS
_cARTS
_beng
041 _2eng
_aeng
082 _aO:3M85:9, K5
100 _aCorke Helen
_955834
245 0 _aD H Lawrence
_b The creydon years
260 _c1965
650 _aENGLISH LITERATURE
942 _hO:3M85:9, K5
_cTEXL
_2CC
999 _c160702
_d160702